[Event "AUT-chT2W 9495"]
[Site "Austria"]
[Date "1995.??.??"]
[Round "?.3"]
[White "Greissing, Mario"]
[Black "Hagen, Kurt"]
[Result "0-1"]
[WhiteElo "1740"]
[BlackElo "2095"]
[PlyCount "64"]
[EventDate "1994.??.??"]
[EventType "team"]
[EventRounds "9"]
[EventCountry "AUT"]
[SourceTitle "EXT 1999"]
[Source "ChessBase"]
[SourceDate "1998.11.16"]
[SourceVersion "1"]
[SourceVersionDate "1998.11.16"]
[SourceQuality "1"]

1. d4 Nf6 2. c4 e6 3. Nc3 Bb4 4. Bd2 0-0 5. e3 d5 6. Nf3 c5 7. cxd5 exd5 8. dxc5 Nc6 9. Bb5 Bg4 10. Bxc6 bxc6 11. 0-0 Bxc5 12. Rc1 Bd6 13. h3 Bh5 14. Qa4 Bxf3 15. gxf3 Qd7 16. Qh4 Qf5 17. f4 Rfe8 18. Qg5 Qxh3 19. f3 Re6 20. Qg2 Qf5 21. Ne2 c5 22. Ng3 Qd3 23. Rfd1 Kh8 24. e4 dxe4 25. Nf5 Bf8 26. fxe4 Qxe4 27. Qh3 Qe2 28. Ng3 Qf3 29. Rf1 Qd3 30. Be1 Ne4 31. Qh2 Rg6 32. Ra1 Nxg3 0-1

[Event "AUT-chT 9596"]
[Site "Vorarlberg"]
[Date "1995.??.??"]
[Round "6"]
[White "Greissing, Mario"]
[Black "Lampert, Raimund"]
[Result "1/2-1/2"]
[WhiteElo "1745"]
[BlackElo "1790"]
[PlyCount "100"]
[EventDate "1995.??.??"]
[EventType "team"]
[EventRounds "9"]
[EventCountry "AUT"]
[SourceTitle "EXT 1999"]
[Source "ChessBase"]
[SourceDate "1998.11.16"]
[SourceVersion "1"]
[SourceVersionDate "1998.11.16"]
[SourceQuality "1"]

1. d4 d5 2. c4 e6 3. Nc3 Nf6 4. Bg5 Nbd7 5. e3 c6 6. a3 Be7 7. Nf3 0-0 8. Bd3 Qc7 9. 0-0 Re8 10. Qc2 h6 11. Bh4 a6 12. Rfe1 Qd8 13. Bg3 Nf8 14. e4 dxe4 15. Nxe4 Nxe4 16. Bxe4 f5 17. Bd3 Bf6 18. Be5 Bd7 19. Rad1 Bxe5 20. Nxe5 Qf6 21. c5 Rad8 22. Nc4 Bc8 23. Nd6 Re7 24. Bc4 Kh8 25. Qb3 Kh7 26. Qb6 Red7 27. Re2 g6 28. h3 Rg7 29. Rde1 Nd7 30. Qa5 Nf8 31. Qb6 h5 32. Nxc8 Rxc8 33. Bxe6 Nxe6 34. Rxe6 Qxd4 35. Re7 Rcg8 36. Rxb7 Qf6 37. b4 Rxb7 38. Qxb7+ Rg7 39. Qxa6 Qc3 40. Rd1 Re7 41. Qd3 Re1+ 42. Kh2 Qe5+ 43. g3 Re2 44. Rd2 Re1 45. Qd7+ Kh6 46. Qd4 Qe8 47. Qf4+ Kh7 48. Qd4 Kh6 49. Qf4+ Kh7 50. Qd4 Kh6 1/2-1/2

[Event "AUT-chT 9596"]
[Site "Vorarlberg"]
[Date "1995.??.??"]
[Round "4"]
[White "Greissing, Mario"]
[Black "Planatscher, Alois"]
[Result "0-1"]
[WhiteElo "1745"]
[BlackElo "1920"]
[PlyCount "50"]
[EventDate "1995.??.??"]
[EventType "team"]
[EventRounds "9"]
[EventCountry "AUT"]
[SourceTitle "EXT 1999"]
[Source "ChessBase"]
[SourceDate "1998.11.16"]
[SourceVersion "1"]
[SourceVersionDate "1998.11.16"]
[SourceQuality "1"]

1. d4 Nf6 2. c4 c5 3. d5 d6 4. Nc3 g6 5. e4 Bg7 6. f4 0-0 7. Be2 e6 8. Nf3 exd5 9. cxd5 b5 10. e5 dxe5 11. fxe5 Ng4 12. Nxb5 Nxe5 13. 0-0 a6 14. Na3 Nbd7 15. Nxe5 Nxe5 16. Nc4 Nxc4 17. Bxc4 Rb8 18. Be3 Qe7 19. Qf3 Rxb2 20. Rae1 Qd6 21. Bb3 Bd4 22. Bxd4 cxd4 23. Qd3 Qb4 24. Re4 Rd2 25. Rxd4 Qxd4+ 0-1

[Event "AUT-chT2W 9495"]
[Site "Austria"]
[Date "1994.??.??"]
[Round "?.3"]
[White "Greissing, Mario"]
[Black "Planatscher, Alois"]
[Result "1/2-1/2"]
[WhiteElo "1765"]
[BlackElo "1945"]
[PlyCount "100"]
[EventDate "1994.??.??"]
[EventType "team"]
[EventRounds "9"]
[EventCountry "AUT"]
[SourceTitle "EXT 1999"]
[Source "ChessBase"]
[SourceDate "1998.11.16"]
[SourceVersion "1"]
[SourceVersionDate "1998.11.16"]
[SourceQuality "1"]

1. d4 Nf6 2. c4 c5 3. d5 e6 4. Nc3 exd5 5. cxd5 d6 6. e4 g6 7. f4 Bg7 8. Nf3 0-0 9. Bd3 b6 10. 0-0 Ba6 11. e5 Nfd7 12. Bxa6 Nxa6 13. e6 fxe6 14. dxe6 Nf6 15. Qe2 Qc8 16. f5 Nc7 17. e7 Re8 18. fxg6 Qe6 19. gxh7+ Nxh7 20. Qxe6+ Nxe6 21. Nd5 Nf6 22. Re1 Nxd5 23. Rxe6 Rxe7 24. Rxd6 Ne3 25. Bxe3 Rxe3 26. Rd2 Rae8 27. Rad1 Re2 28. Kf1 R2e3 29. b3 Bf6 30. Rd7 R3e7 31. R1d6 Kf7 32. g4 Rg8 33. h3 Rg7 34. Kg2 Rg8 35. Kg3 Rc8 36. g5 Bb2 37. h4 Ke8 38. Rxe7+ Kxe7 39. Rh6 b5 40. Rh7+ Ke6 41. Rxa7 c4 42. bxc4 bxc4 43. g6 Be5+ 44. Nxe5 Kxe5 45. Re7+ Kf6 46. Re2 Kxg6 47. Kg4 c3 48. h5+ Kh6 49. Rc2 Rc4+ 50. Kf5 Kxh5 1/2-1/2